|
|
|
|
| LEADER |
00000naa2a2200000 4500 |
| 001 |
427344 |
| 005 |
20231101074634.0 |
| 035 |
|
|
|a (RuTPU)RU\TPU\prd\86498
|
| 035 |
|
|
|a RU\TPU\prd\28750
|
| 090 |
|
|
|a 427344
|
| 100 |
|
|
|a 20100907a2004 k y0rusy50 ca
|
| 101 |
0 |
|
|a rus
|
| 102 |
|
|
|a RU
|
| 200 |
1 |
|
|a Шумовые лампы с полым катодом в импульсном и непрерывном режимах возбуждения
|f К. П. Курейчик, М. М. Мавлютов, В. И. Харитончик, А. З. Ибрагимов
|
| 225 |
1 |
|
|a Лабораторная техника
|
| 320 |
|
|
|a Библиогр.: 5 назв.
|
| 461 |
|
1 |
|0 (RuTPU)RU\TPU\prd\300
|x 0032-8162
|t Приборы и техника эксперимента
|f Российская академия наук
|d 1956-
|
| 463 |
|
1 |
|0 (RuTPU)RU\TPU\prd\86478
|t № 3
|v с. 146-150
|d 2004
|
| 610 |
1 |
|
|a шумовые лампы
|
| 610 |
1 |
|
|a уровень шумов
|
| 610 |
1 |
|
|a среднеквадратичный уровень
|
| 610 |
1 |
|
|a атомно-абсорбционный спектрометр
|
| 610 |
1 |
|
|a оптико-электронный тракт
|
| 610 |
1 |
|
|a режимы возбуждения
|
| 610 |
1 |
|
|a электротермические атомизаторы
|
| 675 |
|
|
|a 621.373
|v 3
|
| 701 |
|
1 |
|a Курейчик
|b К. П.
|
| 701 |
|
1 |
|a Мавлютов
|b М. М.
|
| 701 |
|
1 |
|a Харитончик
|b В. И.
|
| 701 |
|
1 |
|a Ибрагимов
|b А. З.
|
| 801 |
|
1 |
|a RU
|b 63413507
|c 20041011
|g PSBO
|
| 801 |
|
2 |
|a RU
|b 63413507
|c 20100908
|g RCR
|
| 942 |
|
|
|c BK
|